<?xml version="1.0" encoding="UTF-8"?><?xml-stylesheet type="text/xsl" href="static/style.xsl"?><OAI-PMH xmlns="http://www.openarchives.org/OAI/2.0/" xmlns:xsi="http://www.w3.org/2001/XMLSchema-instance" xsi:schemaLocation="http://www.openarchives.org/OAI/2.0/ http://www.openarchives.org/OAI/2.0/OAI-PMH.xsd"><responseDate>2026-06-03T02:51:20Z</responseDate><request verb="GetRecord" identifier="oai:riubu.ubu.es:10259/11763" metadataPrefix="marc">https://riubu.ubu.es/oai/request</request><GetRecord><record><header><identifier>oai:riubu.ubu.es:10259/11763</identifier><datestamp>2026-06-02T00:05:40Z</datestamp><setSpec>com_10259_4323</setSpec><setSpec>com_10259_5086</setSpec><setSpec>com_10259_2604</setSpec><setSpec>com_10259_6168</setSpec><setSpec>col_10259_4330</setSpec><setSpec>col_10259_6169</setSpec></header><metadata><record xmlns="http://www.loc.gov/MARC21/slim" xmlns:doc="http://www.lyncode.com/xoai" xmlns:xsi="http://www.w3.org/2001/XMLSchema-instance" xmlns:dcterms="http://purl.org/dc/terms/" xsi:schemaLocation="http://www.loc.gov/MARC21/slim http://www.loc.gov/standards/marcxml/schema/MARC21slim.xsd">
<leader>00925njm 22002777a 4500</leader>
<datafield tag="042" ind1=" " ind2=" ">
<subfield code="a">dc</subfield>
</datafield>
<datafield tag="720" ind1=" " ind2=" ">
<subfield code="a">Ozkilinc, Ozge</subfield>
<subfield code="e">author</subfield>
</datafield>
<datafield tag="720" ind1=" " ind2=" ">
<subfield code="a">Bol Arreba, Alfredo</subfield>
<subfield code="e">author</subfield>
</datafield>
<datafield tag="720" ind1=" " ind2=" ">
<subfield code="a">Soler, Miguel Angel</subfield>
<subfield code="e">author</subfield>
</datafield>
<datafield tag="720" ind1=" " ind2=" ">
<subfield code="a">Fogolari, Federico</subfield>
<subfield code="e">author</subfield>
</datafield>
<datafield tag="720" ind1=" " ind2=" ">
<subfield code="a">Aparicio Martínez, Santiago</subfield>
<subfield code="e">author</subfield>
</datafield>
<datafield tag="260" ind1=" " ind2=" ">
<subfield code="c">2025-09</subfield>
</datafield>
<datafield tag="520" ind1=" " ind2=" ">
<subfield code="a">Deep eutectic solvents (DESs) are emerging green alternatives to traditional solvents, yet their behavior under high pressure (HP) remains underexplored. This study examines two thymol-based eutectic mixtures─thymol:1,8-cineole (1:1) and thymol:camphor (1:1)─using a combined experimental and molecular dynamics approach. Pressure–volume–temperature (PVT) measurements were conducted across 0.1–60 MPa and 293.15–343.15 K. The two systems displayed expected density trends but exhibited markedly different internal pressure responses: a maximum for the camphor system and a shallow minimum for the cineole mixture. Molecular dynamics simulations revealed more frequent hydrogen bonding and greater structural organization in the camphor system, highlighting how molecular structure affects interactions. Changes in hydrogen bonding and internal pressure remained within 25% over the entire pressure range. These results provide molecular-level insight into pressure effects on DESs, guiding their future application in chemical processing and materials science under nonambient conditions</subfield>
</datafield>
<datafield tag="024" ind2=" " ind1="8">
<subfield code="a">0888-5885</subfield>
</datafield>
<datafield tag="024" ind2=" " ind1="8">
<subfield code="a">https://hdl.handle.net/10259/11763</subfield>
</datafield>
<datafield tag="024" ind2=" " ind1="8">
<subfield code="a">10.1021/acs.iecr.5c00116</subfield>
</datafield>
<datafield tag="024" ind2=" " ind1="8">
<subfield code="a">1520-5045</subfield>
</datafield>
<datafield tag="245" ind1="0" ind2="0">
<subfield code="a">Thymol-Based Natural Deep Eutectic Solvents under Pressure: A Novel Platform for Green Solvents</subfield>
</datafield>
</record></metadata></record></GetRecord></OAI-PMH>